A.N.T. Farm Main Characters Quiz Stats

 Plays Quiz not verified by Sporcle

Challenge
Share
Tweet
Embed
Score 0/11 Timer 03:00
0 Plays Today
Clue Character % Correct
Talent of MemoryOlive
98.1%
Talent of MusicChina
97.1%
Talent of ArtFletcher
88.3%
Enemy of Main Character (cheerleader)Lexi
78.6%
Friend of the first cheerleaderPaisley
73.8%
Main Characters brotherCameron
73.8%
Computer GeniusAngus
71.8%
A.N.T. Farm instructerGibson
71.8%
PrincipalPrincipal Skidmore
58.3%
School mascotWacky the Wolf
57.3%
Police Officer Darryl
45.6%

You're not logged in!

Compare scores with friends on all Sporcle quizzes.
Join for Free
OR
Log In

You Might Also Like...

Show Comments

Extras

Created Nov 5, 2011ReportNominate
Tags:ant, character, farm

Top Quizzes Today


Score Distribution

Your Account Isn't Verified!

In order to create a playlist on Sporcle, you need to verify the email address you used during registration. Go to your Sporcle Settings to finish the process.

Report this User

Report this user for behavior that violates our Community Guidelines.

Details: